Management

Salvato in:
Dettagli Bibliografici
Autore principale: Koontz , Harold
Altri autori: Heinz Weinrich
Natura: Libro
Pubblicazione: Londan : McGraw-Hill, c1984.
Serie:Management series
Soggetti:
Tags: Aggiungi Tag
Nessun Tag, puoi essere il primo ad aggiungerne!!

MARC

LEADER 00000nam a2200000 4500
005 20251007105551.0
020 |a 0070354871  |c TZS 10,000/= 
040 |a MCCL  |b eng.  |e AACR 2nd rev.ed. 
082 |a 658.4 KOO. 
100 |a Koontz , Harold. 
245 |a Management  |c / Harold Koontz, Cyril o' Donnell , Heinz Weinrich. 
260 |a Londan :  |b McGraw-Hill,  |c c1984. 
300 |a xxi, 668p. :  |b ill. ;  |c 24 cm 
440 |a Management series  
500 |a Includes index  
650 |a planning. 
650 |a Management thought and practice 
650 |a organizing. 
700 |a  Heinz Weinrich. 
942 |c BK 
999 |c 12207  |d 12207